Recurso de amparo económico
Gorde:
| Egile nagusia: | |
|---|---|
| Formatua: | Liburua |
| Hizkuntza: | gaztelania |
| Argitaratua: |
Santiago
LexisNexis
2002
|
| Edizioa: | 2a. ed |
| Gaiak: | |
| Etiketak: |
Etiketa erantsi
Etiketarik gabe, Izan zaitez lehena erregistro honi etiketa jartzen!
|
MARC
| LEADER | 00000nam a2200000 a 4500 | ||
|---|---|---|---|
| 001 | UCL0528 | ||
| 003 | CL-VaPUC | ||
| 008 | 030728e20020000CL |||||||||||||||||spa|d | ||
| 020 | |a 956238151X | ||
| 082 | 0 | 4 | |a 342.085 |b URE |2 21 |
| 100 | 0 | |a Ureta Silva, Ismael |e author |9 477176 | |
| 245 | 1 | 0 | |a Recurso de amparo económico |
| 250 | |a 2a. ed | ||
| 300 | |a 324 p | ||
| 942 | |c BK | ||
| 945 | |d 20030728 00:00:00 |a cmena | ||
| 260 | |a Santiago |b LexisNexis |c 2002 | ||
| 650 | 0 | |a Derecho comercial |9 256340 | |
| 650 | 0 | |a Recurso de amparo |9 256122 | |
| 650 | 0 | |a Derecho constitucional |9 222588 | |
| 650 | 7 | |a CONSTITUCIO 1980 |2 CL-VaPUC |9 401702 | |
| 650 | 7 | |a TRAMITACION |2 CL-VaPUC |9 401685 | |
| 650 | 7 | |a CORTE DE APELACIONES |2 CL-VaPUC |9 385526 | |
| 583 | |a last modification |c 20030728 00:00:00 |k Rodrigo Vera | ||
| 999 | |c 304349 |d 304347 | ||
| 952 | |0 0 |1 0 |4 0 |6 342_085000000000000_URE_2002 |7 0 |8 A |9 366374 |a BIBDER |b BIBDER |d 2019-11-21 |i 3846172 |o 342.085 URE 2002 |p 3846172 |r 2023-01-25 |w 2019-11-21 |y BK |k DER | ||